|
|
|
|
| LEADER |
01943nam a2200433 a 4500 |
| 001 |
EBC3386199 |
| 003 |
MiAaPQ |
| 005 |
20200520144314.0 |
| 006 |
m o d | |
| 007 |
cr cn||||||||| |
| 008 |
101004s2010 enka sb 001 0 eng d |
| 010 |
|
|
|z 2010283032
|
| 020 |
|
|
|z 9780745329994 (hardback)
|
| 020 |
|
|
|z 9780745329987 (paperback)
|
| 020 |
|
|
|a 9781849644525 (electronic bk.)
|
| 035 |
|
|
|a (MiAaPQ)EBC3386199
|
| 035 |
|
|
|a (Au-PeEL)EBL3386199
|
| 035 |
|
|
|a (CaPaEBR)ebr10479678
|
| 035 |
|
|
|a (CaONFJC)MIL987329
|
| 035 |
|
|
|a (OCoLC)730518192
|
| 040 |
|
|
|a MiAaPQ
|c MiAaPQ
|d MiAaPQ
|
| 043 |
|
|
|a n-us---
|
| 050 |
|
4 |
|a HB3722
|b .R37 2010
|
| 082 |
0 |
4 |
|a 330.9730932
|2 22
|
| 100 |
1 |
|
|a Rasmus, Jack.
|
| 245 |
1 |
0 |
|a Epic recession
|h [electronic resource] :
|b prelude to global depression /
|c Jack Rasmus.
|
| 260 |
|
|
|a London ;
|a New York :
|b Pluto Press,
|c 2010.
|
| 300 |
|
|
|a 340 p. :
|b ill.
|
| 504 |
|
|
|a Includes bibliographical references and index.
|
| 505 |
0 |
|
|a Quantitative characteristics of epic recession -- Qualitative characteristics of epic recession -- The dynamics of epic recession -- U.S. depressions in the nineteenth century -- 'Type I' epic recession : 1907-1914 -- 'Type II' epic recession : 1929-1931 -- The epic recession of 2007-2010 -- The Bush-Obama recovery programs -- An alternative program for economic recovery.
|
| 533 |
|
|
|a Electronic reproduction. Ann Arbor, MI : ProQuest, 2015. Available via World Wide Web. Access may be limited to ProQuest affiliated libraries.
|
| 650 |
|
0 |
|a Global Financial Crisis, 2008-2009.
|
| 651 |
|
0 |
|a United States
|x Economic conditions
|y 2009-
|
| 651 |
|
0 |
|a United States
|x Economic policy
|y 2009-
|
| 651 |
|
0 |
|a United States
|x Economic conditions.
|
| 651 |
|
0 |
|a United States
|x Economic policy.
|
| 655 |
|
4 |
|a Electronic books.
|
| 710 |
2 |
|
|a ProQuest (Firm)
|
| 856 |
4 |
0 |
|u https://ebookcentral.proquest.com/lib/matrademy/detail.action?docID=3386199
|z Click to View
|